000 00701nam a2200289Ia 4500
005 20260324123934.0
008 008 260324s9999 xx 000 0 eng d
020 _a9781315423890
037 _aEBOOK
040 _aCRL
040 _beng
040 _cCRL
041 _2eng
041 _aeng
084 _qCRL
100 _aConal McCarthy
_91172235
245 0 _aMuseums and Maori
245 0 _bHeritage Professionals, Indigenous Collections, Current Practice
260 _bTaylor and Francis
260 _c2011
365 _a
365 _b240
856 _uhttp://www.taylorfrancis.com/books/9781315423890
942 _cEBOOK
999 _c1766180
_d1766180